| 000 | 01529cam a22003494a 4500 | ||
|---|---|---|---|
| 001 | 16688420 | ||
| 005 | 20170105102352.0 | ||
| 008 | 110311s2011 nyua 001 0 eng | ||
| 010 | _a 2011005825 | ||
| 020 | _a0071736468 (alk. paper) | ||
| 020 | _a9780071736466 (alk. paper) | ||
| 035 | _a(OCoLC)ocn704985230 | ||
| 040 |
_aDLC _cDLC _dYDX _dTOH _dYBM _dYDXCP _dPUL _dCDX _dDLC |
||
| 042 | _apcc | ||
| 050 | 0 | 0 |
_aTA340 _b.S743 2011 |
| 082 | 0 | 0 |
_a519.5 _222 |
| 100 | 1 | _aStephens, Larry J. | |
| 245 | 1 | 0 |
_aSchaum's outlines :statistics for engineers _bstatistics for engineers _cLarry J. Stephens. |
| 246 | 3 | 0 | _aStatistics for engineers |
| 260 |
_aNew York : _bMcGraw-Hill Companies, _cc2011. |
||
| 300 |
_aviii, 280 p. : _bill. ; _c28 cm. |
||
| 490 | 1 | _aSchaum's outline series | |
| 500 | _aIncludes index. | ||
| 504 | _aIncludes bibliographical references and index. | ||
| 505 | 0 | _aTreatment of data using statistical software -- Probability -- Probability distributions for discrete variables -- Probability densities for continuous variables -- Sampling distributions -- Inferences concerning means -- Inferences concerning variances -- Inferences concerning proportions -- Statistical process control. | |
| 650 | 0 |
_aEngineering _xStatistical methods. |
|
| 650 | 0 |
_aStatistics _vProblems, exercises, etc. |
|
| 830 | 0 | _aSchaum's outline series. | |
| 906 |
_a7 _bcbc _corignew _d1 _eecip _f20 _gy-gencatlg |
||
| 942 |
_2ddc _cBK |
||
| 999 |
_c11973 _d11973 |
||